Busiest Airport by Country using Airport Codes - Statistics

General Stats
  • This quiz has been taken 20 times
  • The average score is 56 of 191
Answer Stats
Country Airport Code Area Served % Correct
Netherlands AMS Amsterdam
89%
United States ATL Atlanta
89%
Mexico MEX Mexico City
83%
Spain MAD Madrid
78%
Ethiopia ADD Addis Ababa
72%
Jordan AMM Amman
72%
Greece ATH Athens
72%
Egypt CAI Cairo
72%
India DEL Delhi
72%
Qatar DOH Doha
72%
Ireland DUB Dublin
72%
United Kingdom LHR London
72%
Peru LIM Lima
72%
Portugal LIS Lisbon
72%
Norway OSL Oslo
72%
Singapore SIN Singapore
72%
Australia SYD Sydney
72%
Austria VIE Vienna
72%
Ghana ACC Accra
67%
Belgium BRU Brussels
67%
France CDG Paris
67%
Cuba HAV Havana
67%
Turkey IST Istanbul
67%
Algeria ALG Algiers
61%
Paraguay ASU Asunción
61%
Hungary BUD Budapest
61%
Germany FRA Frankfurt
61%
Luxembourg LUX Luxembourg
61%
Philippines MNL Manila
61%
Czech Republic PRG Prague
61%
Croatia ZAG Zagreb
61%
Thailand BKK Bangkok
56%
Colombia BOG Bogotá
56%
United Arab Emirates DXB Dubai
56%
Finland HEL Helsinki
56%
Tunisia TUN Tunis
56%
Bahrain BAH Manama
50%
Venezuela CCS Caracas
50%
Denmark CPH Copenhagen
50%
Syria DAM Damascus
50%
South Sudan JUB Juba
50%
Costa Rica SJO San José
50%
Bulgaria SOF Sofia
50%
Uzbekistan TAS Tashkent
50%
Israel TLV Tel Aviv / Jerusalem
50%
Taiwan TPE Taipei
50%
Canada YYZ Toronto
50%
Switzerland ZRH Zürich
50%
New Zealand AKL Auckland
44%
Guatemala GUA Guatemala City
44%
South Korea ICN Seoul
44%
Afghanistan KBL Kabul
44%
Malaysia KUL Kuala Lumpur
44%
Slovenia LJU Ljubljana
44%
Maldives MLE Malé
44%
Bahamas NAS Nassau
44%
North Macedonia SKP Skopje
44%
Iran THR Tehran
44%
Ivory Coast ABJ Abidjan
39%
Serbia BEG Belgrade
39%
Italy FCO Rome
39%
Japan HND Tokyo
39%
South Africa JNB Johannesburg
39%
Nepal KTM Kathmandu
39%
Romania OTP Bucharest
39%
Haiti PAP Port-au-Prince
39%
Vietnam SGN Ho Chi Minh City
39%
Poland WAW Warsaw
39%
Sweden ARN Stockholm
33%
Tanzania DAR Dar es Salaam
33%
East Timor DIL Dili
33%
Dominica DOM Marigot
33%
Guyana GEO Georgetown
33%
Brazil GRU São Paulo
33%
Zimbabwe HRE Harare
33%
Iceland KEF Reykjavík
33%
Kuwait KWI Kuwait City
33%
Malta MLA Valletta
33%
Georgia TBS Tbilisi
33%
Albania TIA Tirana
33%
Eritrea ASM Asmara
28%
Mali BKO Bamako
28%
Slovakia BTS Bratislava
28%
Belize BZE Belize City
28%
Indonesia CGK Jakarta
28%
Saudi Arabia JED Jeddah
28%
Ukraine KBP Kyiv
28%
Cyprus LCA Larnaca
28%
Nigeria LOS Lagos
28%
Zambia LUN Lusaka
28%
Oman MCT Muscat
28%
Chile SCL Santiago
28%
Estonia TLL Tallinn
28%
Namibia WDH Windhoek
28%
Lebanon BEY Beirut
22%
Gambia BJL Banjul
22%
Morocco CMN Casablanca
22%
Djibouti JIB Djibouti
22%
Rwanda KGL Kigali
22%
Pakistan KHI Karachi
22%
Nicaragua MGA Managua
22%
Kenya NBO Nairobi
22%
Latvia RIX Riga
22%
El Salvador SAL San Salvador
22%
Russia SVO Moscow
22%
Barbados BGI Bridgetown
17%
China CAN Guangzhou
17%
Grenada GND St. George's
17%
Solomon Islands HIR Honiara
17%
Marshall Islands MAJ Majuro
17%
Jamaica MBJ Montego Bay
17%
Belarus MSQ Minsk
17%
Uruguay MVD Montevideo
17%
Chad NDJ N'Djamena
17%
Trinidad and Tobago POS Port of Spain
17%
Argentina AEP Buenos Aires
11%
Antigua and Barbuda ANU St. John's
11%
Burundi BJM Bujumbura
11%
Republic of the Congo BZV Brazzaville
11%
Guinea CKY Conakry
11%
Armenia EVN Yerevan
11%
Botswana GBE Gaborone
11%
Sudan KRT Khartoum
11%
Angola LAD Luanda
11%
Gabon LBV Libreville
11%
Malawi LLW Lilongwe
11%
Mauritius MRU Mauritius
11%
Fiji NAN Nadi
11%
Burkina Faso OUA Ouagadougou
11%
Cambodia PNH Phnom Penh
11%
Dominican Republic PUJ Punta Cana
11%
Seychelles SEZ Victoria
11%
Ecuador UIO Quito
11%
Lithuania VNO Vilnius
11%
Kazakhstan ALA Almaty
6%
Samoa APW Apia
6%
Turkmenistan ASB Ashgabat
6%
Central African Republic BGF Bangui
6%
Iraq BGW Baghdad
6%
Brunei BIA Bandar Seri Begawan
6%
Sri Lanka BIA Colombo
6%
Benin COO Cotonou
6%
Bangladesh DAC Dhaka
6%
Cameroon DLA Douala
6%
Senegal DSS Dakar
6%
Tajikistan DYU Dushanbe
6%
Uganda EBB Entebbe
6%
Democratic Republic of the Congo FIH Kinshasa
6%
Sierra Leone FNA Lungi
6%
Kyrgyzstan FRU Bishkek
6%
Tuvalu FUN Funafuti
6%
Azerbaijan GYD Baku
6%
Comoros HAH Moroni
6%
Togo LFW Lomé
6%
Somalia MGQ Mogadishu
6%
Mozambique MPM Maputo
6%
Lesotho MSU Maseru
6%
Niger NIM Niamey
6%
Mauritania NKC Nouakchott
6%
Guinea-Bissau OXB Bissau
6%
Bhutan PBH Thimphu
6%
Suriname PBM Paramaribo
6%
Federated States of Micronesia PNI Palikir
6%
Papua New Guinea POM Port Moresby
6%
Kosovo PRN Pristina
6%
Panama PTY Panama City
6%
Myanmar RGN Myanmar
6%
Moldova RMO Chișinău
6%
Liberia ROB Monrovia
6%
Palau ROR Palau
6%
Yemen SAH Sanaa
6%
Honduras SAP San Pedro Sula
6%
Eswatini SHO Lubombo
6%
Cape Verde SID Espargos
6%
Bosnia and Herzegovina SJJ Sarajevo
6%
Saint Kitts and Nevis SKB Basseterre
6%
Equatorial Guinea SSG Malabo
6%
Tonga TBU Nukuʻalofa
6%
Montenegro TGD Podgorica
6%
Libya TIP Tripoli
6%
São Tomé and Príncipe TMS São Tomé
6%
Madagascar TNR Antananarvo
6%
Kiribati TRW Tarawa
6%
Mongolia UBN Ulaanbaatar
6%
Saint Lucia UVF Vieux Fort
6%
Vanuatu VLI Port Vila
6%
Laos VTE Vientiane
6%
Bolivia VVI Santa Cruz de la Sierra
6%
North Korea FNJ Pyongyang
0%
Nauru INU Nauru
0%
Saint Vincent and the Grenadines SVD Kingstown
0%
No matching quizzes found
Score Distribution
Percent of People with Each Score
Percentile by Number Answered
Your Score History
You have not taken this quiz